banner koha

Armazenamento refrigerado de pendunculos do caju (Anacardium occidentale L.)sob atmosfera ambiental e modificada (Registro n. 50818)

MARC details
000 -LÍDER
campo de controle de tamanho fixo 00910nam a22002777a 4500
001 - NÚMERO DE CONTROLE
campo de controle BR9503021
003 - IDENTIFICADOR DO NÚMERO DE CONTROLE
campo de controle BR-BrBNA
005 - DATA E HORÁRIO DA ÚLTIMA TRANSAÇÃO
campo de controle 20230928094443.0
007 - CAMPO FIXO DE DESCRIÇÃO FÍSICA--INFORMAÇÃO GERAL
campo de controle de tamanho fixo ta
008 - CAMPO DE DADOS FIXOS--INFORMAÇÃO GERAL
campo de controle de tamanho fixo 230509b bl.||||| |||| 00| 0 por d
040 ## - FONTE DA CATALOGAÇÃO
Instituição da catalogação original BR-BrBNA
Idioma da catalogação por
Instituição que transcreveu o registro Biblioteca Nacional de Agricultura
041 ## - CÓDIGO DE IDIOMA
Código do idioma do texto/trilha sonora ou título diferente (Por)
072 ## - CÓDIGO DE CATEGORIA DE ASSUNTO
Código de Categoria de Assunto J11
Código do objeto 1160
090 ## - NÚMERO DE CHAMADA LOCAL
-- 1160 BR9503021
100 1# - ENTRADA PRINCIPAL--NOME PESSOAL
Nome pessoal Menezes, J.B.
110 1# - ENTRADA PRINCIPAL--NOME CORPORATIVO
Nome corporativo ou nome da jurisdição Escola Superior de Agricultura de Lavras, MG (Brasil)
Grau Universitário Tese (Mestre em Ciencia dos Alimentos)
245 1# - TÍTULO
Título Armazenamento refrigerado de pendunculos do caju (Anacardium occidentale L.)sob atmosfera ambiental e modificada
260 3# - PUBLICAÇÃO, DISTRIBUIÇÃO, ETC.
Local de publicação, distribuição, etc. Lavras, MG (Brasil):
Data da publicação, distribuição, etc. 1992.
300 ## - DESCRIÇÃO FÍSICA
Extensão 102 p.
500 ## - NOTA GERAL
Nota geral 22 tables; 16 graphs; Bibliography p. 78-93 (90 ref.); Summaries (Eng, Por)
650 ## - ASSUNTO--TERMO TÓPICO
Cabeçalho tópico ou nome geográfico Caju
650 ## - ASSUNTO--TERMO TÓPICO
Cabeçalho tópico ou nome geográfico Armazenamento
650 ## - ASSUNTO--TERMO TÓPICO
Cabeçalho tópico ou nome geográfico Refrigeracao
909 ## -
-- 202309
-- Lucia
-- 55
-- Lucia Elande
942 ## - ELEMENTOS DE ENTRADA ADICIONADOS (KOHA)
Tipo de material Koha Livros
Exemplares
Situação do descarte Fonte da classificação ou esquema de arquivamento na estante Situação física Não pode ser emprestado Coleção Biblioteca de origem Biblioteca atual Total de empréstimos Número de telefone completo Código de barras Data de último acesso Número do exemplar Tipo de material Koha Situação das perdas Data de aquisição Fonte de aquisição
  Classificação AGRIS       Biblioteca Nacional de Agricultura - Binagri Biblioteca Nacional de Agricultura - Binagri   1160 BR9503021 1160 BR9503021 25/09/2023 01 Livros   2023-09-25 Portaria Interministerial nº 164/94

BINAGRI

Telefone: (61)3218-2567/2388/3357/2097 - binagri@agro.gov.br

Ministério da Agricultura e Pecuária , Esplanada dos Ministérios, Bloco D, Anexo B, Brasília/DF, CEP: 70.043-900